[Event "Bader Memorial op"]
[Site "Heves"]
[Date "2009.03.28"]
[Round "5"]
[White "Kun, Viktoria"]
[Black "Kubinka, Andras"]
[Result "0-1"]
[WhiteElo "1576"]
[BlackElo "1951"]
[PlyCount "46"]
[EventDate "2009.03.26"]
[EventType "swiss"]
[EventRounds "7"]
[EventCountry "HUN"]
[SourceTitle "EXT 2011"]
[Source "ChessBase"]
[SourceDate "2010.11.26"]
[SourceVersion "1"]
[SourceVersionDate "2010.11.26"]
[SourceQuality "1"]

1. d4 Nf6 2. Nf3 d5 3. Bf4 Bf5 4. e3 e6 5. Bd3 Bg4 6. Nbd2 Nbd7 7. c3 Be7 8. Qc2 a6 9. Ne5 Nxe5 10. Bxe5 Bh5 11. Bxf6 Bxf6 12. Bxh7 g6 13. Bxg6 Bxg6 14. Qa4+ Qd7 15. Qxd7+ Kxd7 16. f4 Bh4+ 17. g3 Bxg3+ 18. Ke2 Bh4 19. Rag1 Rag8 20. Nf3 Bh5 21. Rxg8 Rxg8 22. a3 Rg2+ 23. Kf1 Bxf3 0-1

[Event "Bader Memorial op"]
[Site "Heves"]
[Date "2009.03.26"]
[Round "1"]
[White "Siclovan, Cristian Daniel"]
[Black "Kun, Viktoria"]
[Result "1-0"]
[WhiteElo "1955"]
[BlackElo "1576"]
[PlyCount "53"]
[EventDate "2009.03.26"]
[EventType "swiss"]
[EventRounds "7"]
[EventCountry "HUN"]
[SourceTitle "EXT 2011"]
[Source "ChessBase"]
[SourceDate "2010.11.26"]
[SourceVersion "1"]
[SourceVersionDate "2010.11.26"]
[SourceQuality "1"]

1. e4 Nf6 2. e5 Ng8 3. Nf3 d6 4. Bc4 e6 5. 0-0 Nc6 6. exd6 Bxd6 7. d4 Nf6 8. Bg5 0-0 9. Nc3 h6 10. Bh4 Be7 11. Re1 Nb4 12. Ne5 Nbd5 13. Qf3 Nxc3 14. bxc3 Re8 15. Bd3 Qd5 16. Qg3 Bd7 17. Rad1 Bc6 18. c4 Qa5 19. d5 exd5 20. Nxc6 bxc6 21. Rxe7 Rxe7 22. Bxf6 Kf8 23. Qxg7+ Ke8 24. Qg8+ Kd7 25. Bf5+ Kd6 26. Qg3+ Kc5 27. Bxe7+ 1-0

[Event "Eger Osz op"]
[Site "Eger"]
[Date "2008.10.23"]
[Round "2"]
[White "Toth, Bela1111"]
[Black "Kun, Viktoria"]
[Result "1-0"]
[WhiteElo "1822"]
[BlackElo "1587"]
[PlyCount "49"]
[EventDate "2008.10.22"]
[EventType "swiss"]
[EventRounds "7"]
[EventCountry "HUN"]
[SourceTitle "EXT 2011"]
[Source "ChessBase"]
[SourceDate "2010.11.26"]
[SourceVersion "1"]
[SourceVersionDate "2010.11.26"]
[SourceQuality "1"]

1. e4 e5 2. Nf3 Nc6 3. Bc4 Bc5 4. d3 Nf6 5. 0-0 d5 6. exd5 Nxd5 7. a3 Bg4 8. b4 Bxf3 9. Qxf3 Bd4 10. c3 Bxc3 11. Nxc3 Nf6 12. Qg3 g6 13. Bg5 Qd6 14. Nb5 Qe7 15. Bxf6 Qxf6 16. Nxc7+ Kd7 17. Nxa8 Rxa8 18. Rae1 Kd6 19. Re4 Re8 20. b5 Ne7 21. Bxf7 Qxf7 22. Qxe5+ Kd7 23. Rd4+ Nd5 24. Rxd5+ Kc8 25. Rc1+ 1-0

[Event "Eger Tavasz op"]
[Site "Eger"]
[Date "2008.05.02"]
[Round "2"]
[White "Kun, Viktoria"]
[Black "Kis, Jozsef"]
[Result "0-1"]
[WhiteElo "1556"]
[BlackElo "2119"]
[PlyCount "40"]
[EventDate "2008.05.01"]
[EventType "swiss"]
[EventRounds "7"]
[EventCountry "HUN"]
[SourceTitle "EXT 2011"]
[Source "ChessBase"]
[SourceDate "2010.11.26"]
[SourceVersion "1"]
[SourceVersionDate "2010.11.26"]
[SourceQuality "1"]

1. d4 Nf6 2. Nf3 g6 3. Bf4 c5 4. e3 cxd4 5. exd4 Bg7 6. Be2 Qb6 7. Qc1 Nc6 8. c3 d6 9. 0-0 Be6 10. Nbd2 0-0 11. Be3 Ng4 12. Nc4 Qa6 13. b3 d5 14. Nb2 Qxe2 15. c4 Bf5 16. Nd2 Nxe3 17. Re1 Qg4 18. Rxe3 Qxd4 19. cxd5 Qxb2 20. dxc6 Qxa1 0-1

[Event "Eger Tel op"]
[Site "Eger"]
[Date "2008.01.24"]
[Round "1"]
[White "Szekeres, Sandor"]
[Black "Kun, Viktoria"]
[Result "0-1"]
[WhiteElo "2066"]
[BlackElo "1554"]
[PlyCount "44"]
[EventDate "2008.01.24"]
[EventType "swiss"]
[EventRounds "7"]
[EventCountry "HUN"]
[SourceTitle "EXT 2011"]
[Source "ChessBase"]
[SourceDate "2010.11.26"]
[SourceVersion "1"]
[SourceVersionDate "2010.11.26"]
[SourceQuality "1"]

1. e4 e5 2. Nc3 Bb4 3. Nd5 Bc5 4. f4 d6 5. Nf3 Nc6 6. Bb5 Bd7 7. c3 Nge7 8. d4 exd4 9. cxd4 Bb6 10. Nxb6 axb6 11. 0-0 0-0 12. Be3 Na5 13. Bd3 c5 14. e5 Be6 15. Ng5 h6 16. f5 Bc4 17. f6 hxg5 18. Bh7+ Kxh7 19. Qh5+ Kg8 20. fxg7 Kxg7 21. Bxg5 Rh8 22. Qxf7+ Bxf7 0-1